000 00860cam a2200265 i 4500
001 61679
003 Mx-PuUPA
005 20240909110027.0
008 141107s1997 nyu fr 000 0 eng|d
020 _a0060609389
_qrústica
040 _aMx-PuUPA
_bspa
_cMx-PuUPA
_dMx-PuUPA
_erda
041 0 _aeng
100 1 _aBarbour, Ian G.,
_eautor
245 1 0 _aReligion and science :
_bhistorical and contemporary issues /
_cIan G. Barbour
250 _a1st. edition /
_ba revised and expanded
264 1 _aNew York, NY :
_bHarperSanFrancisco,
_c©1997
300 _axv, 368 páginas ;
_c24 cm
336 _atexto
_2rdacontent
_btxt
337 _asin medio
_2rdamedia
_bn
338 _avolumen
_2rdacarrier
_bnc
650 7 _2armarc
_aReligión y ciencia
942 _2ddc
_cLI
_h291.175
_iB223
999 _c61679
_d61679